| 000 | 00611nam a22001937a 4500 | ||
|---|---|---|---|
| 003 | OSt | ||
| 005 | 20260506162103.0 | ||
| 008 | 260506b |||||||| |||| 00| 0 eng d | ||
| 040 | _cChuka University | ||
| 050 |
_aTHE PS 356 _b.G58 2024 |
||
| 100 |
_aJames Gitonga _923981 |
||
| 245 | _aRacial contestations in the black lives matter movements: Ther memoir approach | ||
| 260 |
_aChuka,Kenya _bChuka University _c2024 |
||
| 300 | _a123P | ||
| 650 |
_a1. Black lives matter _923997 |
||
| 650 |
_a2. African American civil rights _923998 |
||
| 650 |
_a3. Critism and interpretation _923999 |
||
| 942 |
_2lcc _cTHE _n0 |
||
| 999 |
_c21851 _d21851 |
||